Devízové trhy vlani ovplyvňovala ruská kríza, ekonomické problémy Japonska, škandál Billa Clintona a iracký konflikt

Vývoj kurzov svetových mien - dolár, jen, rubeľ, marka - v roku 1998. Okolnosti ovplyvňujúce vývoj kurzov - škandál B. Clintona, ekonomické problémy Japonska, ruská kríza, iracký konflikt.

Salvato in:
Dettagli Bibliografici
Autore principale: Petráš, Roman
Natura: Capitolo di libro
Lingua:slovacco
Soggetti:
Tags: Aggiungi Tag
Nessun Tag, puoi essere il primo ad aggiungerne!!

MARC

LEADER 00000naa a2200000 4500
001 r033818
005 20230921103402.1
041 0 |a slo 
044 |a SK 
245 1 0 |a Devízové trhy vlani ovplyvňovala ruská kríza, ekonomické problémy Japonska, škandál Billa Clintona a iracký konflikt  |c Roman Petráš 
520 |a Vývoj kurzov svetových mien - dolár, jen, rubeľ, marka - v roku 1998. Okolnosti ovplyvňujúce vývoj kurzov - škandál B. Clintona, ekonomické problémy Japonska, ruská kríza, iracký konflikt. 
610 2 0 |a trh devízový 
610 2 0 |a kurz devízový 
610 2 0 |a kurz výmenný 
610 2 0 |a dolár 
610 2 0 |a jen 
610 2 0 |a marka 
610 2 0 |a rubeľ 
610 2 0 |a situácia hospodárska 
610 2 0 |a kríza finančná 
610 2 0 |a Rusko 
610 2 0 |a Japonsko 
610 2 0 |a USA 
100 1 |a Petráš, Roman